000 00264nam a2200097Ia 4500
008 230907s9999||||xx |||||||||||||| ||und||
082 _a621.3815322
_bCON
245 0 _aControl of power electronic converters and systems /
300 _aVol.I ; 380 p. :
942 _cBK
999 _c599143
_d599143